| 000 | 00529pam a2200157a 44500 | ||
|---|---|---|---|
| 008 | 230515b2012 xxu||||| |||| 00| 0 eng d | ||
| 020 | _aNULL | ||
| 041 | _aENGLISH | ||
| 082 | _a610.0 | ||
| 100 | _aMS.PRETTA SARA JOSEPH | ||
| 245 | _aA STUDY TO ASSESS THE EFFECTIVENESS OF PROTOCOL REGARDING NURSING MANAGEMENT OF NORMAL LABOUR DURING FIRST STAGE ON PRACTICES BY NURSES IN SELECTED HOSPITALS OF PUNE CITY | ||
| 250 | _a1 | ||
| 260 |
_a _bBHARATI VIDYAPEETH DEEMED UNIVERSITY, PUNE, _c2012 |
||
| 300 | _a115 | ||
| 650 | _aNULL | ||
| 999 |
_c532074 _d532074 |
||